000 03166nam0a2200397 4500
001 RU\NLR\BIBL_A\011757194
005 20181108113416.0
010 _a978-5-6040859-3-6
_9500
021 _aRU
_bКН-П-18-044549
_9КН-П-18-3216
035 _a(NLR Aleph) 011757194
035 _a(RuMoRGB)009664568
090 _a11658169
_c11658169
100 _a20180723d2018 k y0rusy50 ca
101 0 _arus
102 _aRU
105 _aa|||zzzz100zy
200 1 _aРазвитие современного образования: от теории к практике
_eсборник материалов IV Международной научно-практической конференции, [Чебоксары, 19 марта 2018 г.]
_fФедеральное государственное бюджетное образовательное учреждение высшего образования "Чувашский государственный университет имени И. Н. Ульянова", Харьковский национальный педагогический университет имени Г. С. Сковороды, Актюбинский региональный государственный университет имени К. Жубанова, Центр научного сотрудничества "Интерактив плюс"
_g[редакционная коллегия: Яковлева Татьяна Валериановна, ответственный редактор и др.]
210 _aЧебоксары
_cЦНС "Интерактив плюс"
_d2018
215 _a279 с.
_cил., портр., табл.
_d21
320 _aБиблиогр. в конце ст.
606 1 _aОбразование
_jСъезды, совещания и т.п
_91614809
_3RU\NLR\AUTH\661010307
610 0 _aобразование
610 0 _aобучение
610 0 _aпедагогика
686 1 _aЧ34(0)я431
702 1 _4340
_aЯковлева
_bТ. В.
_cспециалист в обл. образования
_gТатьяна Валериановна
_9132337
_3RU\NLR\AUTH\770132371
711 1 2 _a"Развитие современного образования: от теории к практике", международная научно-практическая конференция
_d4
_eЧебоксары
_f2018
_9617851
_3RU\NLR\AUTH\880478475
712 0 2 _4570
_aЧувашский государственный университет им. И. Н. Ульянова
_cЧебоксары
_9301657
_3RU\NLR\AUTH\8814249
712 0 2 _4570
_aХарьковский национальный педагогический университет им. Г. С. Сковороды
_9336375
_3RU\NLR\AUTH\8810225912
712 0 2 _4570
_aАктюбинский региональный государственный университет им. К. Жубанова
_9632502
_3RU\NLR\AUTH\880486045
942 _cBOOK
980 _aNBR
980 _aNB